Personnages de One Piece de A à Z - Statistiques

Statistiques générales
  • Ce quiz a été pris 706 fois
  • Le résultat moyen est 22 sur 26
Statistiques - réponses
Lettre Indice Personnage % Correct
L Capitaine des pirates au chapeaux de paille Luffy
97%
N Navigatrice Nami
97%
F A fabriqué le Thousand Sunny Franky
96%
J Homme poisson/ grand corsaire Jinbe
96%
E Dieu de Skypea Ener
95%
G Vice amiral de la marine Garp
95%
Z Veut devenir le meilleur sabreur au monde Zorro
95%
H Considérée comme la plus belle femme du monde Hancock
93%
S La jambe noire Sanji
93%
V Princesse d'Alabasta Vivi
93%
C A la tête de Baroque Works Crocodile
92%
M Grand corsaire/Thriller Bark Moria
92%
A Ancien amiral Aokiji
91%
B Grand corsaire/Ancien membre de l'équipage de Roger Baggy
87%
U Fils d'un des compagnons de Shanks Usopp
85%
Y Père d'un des membres de l'équipage au chapeau de paille Yasopp
84%
I Travesti Ivankov
82%
D A élevé Luffy et son frère Dadan
80%
W A mangé le baku baku no mi (lui permet de manger n'importe quoi) Wapol
77%
O A possédé l'ombre de Luffy Oz
76%
T Femme de la marine/Smoker Tashigi
76%
R Miss all sunday Robin
75%
X Pirate de la génération terrible X Drake
75%
K Femme membre du CP9 Kalifa
70%
P Charpentier à Galley la company Pauly
54%
Q Navire de l'équipage de Big Mom Queen mama chanteur
13%
Aucun quiz correspondant
Distribution des résultats
% des personnes avec chaque résultat
Percentile par nombre de réponses
Votre historique - résultats
Vous n’avez pas pris ce quiz